000 00314nam a22001337a 4500
008 190304b xxu||||| |||| 00| 0 eng d
020 _a9780323002561
041 _aeng
080 _a616.12
100 _a7
101 _aKARD
245 _aPrimary Care Management of Heart Disease
_cTaylor,G.J
942 _2udc
_cBK
999 _c54389
_d54389